[Event "FIN-chT 0910"]
[Site "Finland"]
[Date "2009.11.14"]
[Round "4.6"]
[White "Kivisto, Mikko"]
[Black "Ristoja, Thomas W"]
[Result "1/2-1/2"]
[WhiteElo "2277"]
[BlackElo "2205"]
[PlyCount "27"]
[EventDate "2009.09.19"]
[EventType "team-tourn"]
[EventRounds "9"]
[EventCountry "FIN"]
[SourceTitle "EXT 2022"]
[Source "ChessBase"]
[SourceDate "2021.10.06"]
[SourceVersion "1"]
[SourceVersionDate "2021.10.06"]
[SourceQuality "1"]
[WhiteTeam "Espoo MatSK"]
[BlackTeam "Helsinki Garde"]
[WhiteTeamCountry "FIN"]
[BlackTeamCountry "FIN"]

1. e4 c5 2. b3 Nc6 3. Bb2 d6 4. f4 e5 5. Nf3 exf4 6. Bc4 Be6 7. 0-0 Nf6 8. Bxe6 fxe6 9. e5 dxe5 10. Nxe5 Nxe5 11. Bxe5 Bd6 12. Bxf4 Bxf4 13. Rxf4 0-0 14. Nc3 1/2-1/2

[Event "FIN-chT1A 0809"]
[Site "Finland"]
[Date "2009.??.??"]
[Round "5.6"]
[White "Ristoja, Thomas W"]
[Black "Suominen, Antti"]
[Result "1-0"]
[WhiteElo "2194"]
[BlackElo "2007"]
[PlyCount "69"]
[EventDate "2008.10.??"]
[EventType "team-tourn"]
[EventRounds "5"]
[EventCountry "FIN"]
[SourceTitle "EXT 2022"]
[Source "ChessBase"]
[SourceDate "2021.10.06"]
[SourceVersion "1"]
[SourceVersionDate "2021.10.06"]
[SourceQuality "1"]
[WhiteTeam "Helsinki Garde"]
[BlackTeam "Helsinki KapSK"]
[WhiteTeamCountry "FIN"]
[BlackTeamCountry "FIN"]

1. e4 c6 2. d4 d5 3. f3 e5 4. dxe5 Bc5 5. g3 Qb6 6. Nh3 dxe4 7. Nc3 exf3 8. Qxf3 Ne7 9. Ng5 0-0 10. Bc4 Bf5 11. Bxf7+ Rxf7 12. Nxf7 Kxf7 13. g4 Nd7 14. gxf5 Nxe5 15. Qh5+ Kg8 16. Rf1 Nd7 17. Qe2 Nf6 18. Bd2 Qxb2 19. Rb1 Qxc2 20. Rc1 Qb2 21. Na4 Qd4 22. Nxc5 Ned5 23. Rc4 Qa1+ 24. Kf2 Qxa2 25. Kg1 Re8 26. Ne6 Ne3 27. Rcc1 Nxf1 28. Rxf1 Qd5 29. Bc3 Ne4 30. Qg4 Re7 31. Bxg7 Kf7 32. Ba1 Nf6 33. Qg7+ Ke8 34. Qf8+ Kd7 35. Qd8# 1-0

[Event "FIN-chT 0607"]
[Site "Finland"]
[Date "2007.03.10"]
[Round "8.6"]
[White "Kanko, Ilkka"]
[Black "Ristoja, Thomas W"]
[Result "0-1"]
[WhiteElo "2242"]
[BlackElo "2200"]
[PlyCount "96"]
[EventDate "2006.09.14"]
[EventType "team-tourn"]
[EventRounds "9"]
[EventCountry "FIN"]
[SourceTitle "EXT 2022"]
[Source "ChessBase"]
[SourceDate "2021.10.06"]
[SourceVersion "1"]
[SourceVersionDate "2021.10.06"]
[SourceQuality "1"]
[WhiteTeam "Helsinki HSK"]
[BlackTeam "Helsinki Garde"]
[WhiteTeamCountry "FIN"]
[BlackTeamCountry "FIN"]

1. d4 Nf6 2. c4 g6 3. Nc3 Bg7 4. Bg5 d6 5. e3 0-0 6. Nf3 c6 7. Be2 Nbd7 8. Qc2 a6 9. a4 a5 10. Rd1 h6 11. Bh4 Qc7 12. 0-0 e5 13. h3 Re8 14. Bg3 Nh7 15. dxe5 dxe5 16. Ne4 b6 17. c5 bxc5 18. Nxc5 Nb6 19. Ne4 Bf5 20. Nh4 Be6 21. Nd6 Red8 22. Nc4 Nd5 23. Nf3 Nb4 24. Qb1 Bxc4 25. Bxc4 Kh8 26. Rxd8+ Rxd8 27. Rd1 Re8 28. Qe4 Nf8 29. Qh4 Kg8 30. Nh2 h5 31. Nf3 Nh7 32. Qe4 Kh8 33. Nh4 Ng5 34. Qb1 Kh7 35. Rd2 Rd8 36. Rxd8 Qxd8 37. Kh2 Qf6 38. Qd1 Qe7 39. f4 Ne4 40. Be1 exf4 41. exf4 Qf6 42. Qf3 Nd6 43. Bd3 Kg8 44. Bxb4 axb4 45. g3 Qxb2+ 46. Ng2 Qc1 47. a5 Bd4 48. Bf1 b3 0-1

[Event "FIN-chT 0607"]
[Site "Finland"]
[Date "2006.11.19"]
[Round "5.4"]
[White "Ristoja, Thomas W"]
[Black "Franssila, Tommi"]
[Result "0-1"]
[WhiteElo "2200"]
[BlackElo "2275"]
[PlyCount "60"]
[EventDate "2006.09.14"]
[EventType "team-tourn"]
[EventRounds "9"]
[EventCountry "FIN"]
[SourceTitle "EXT 2022"]
[Source "ChessBase"]
[SourceDate "2021.10.06"]
[SourceVersion "1"]
[SourceVersionDate "2021.10.06"]
[SourceQuality "1"]
[WhiteTeam "Helsinki Garde"]
[BlackTeam "Jyvaskyla JyS"]
[WhiteTeamCountry "FIN"]
[BlackTeamCountry "FIN"]

1. e4 c5 2. Nf3 Nc6 3. Bb5 g6 4. 0-0 Bg7 5. Bxc6 dxc6 6. d3 Nf6 7. Nbd2 Nd7 8. a4 e5 9. Nc4 Qe7 10. Bg5 f6 11. Bd2 Nf8 12. Re1 h5 13. b4 cxb4 14. d4 Be6 15. Qe2 exd4 16. e5 0-0-0 17. a5 Qc5 18. exf6 Bxf6 19. Nce5 Bg4 20. a6 b6 21. Nd3 Qf5 22. Bxb4 c5 23. Bxc5 bxc5 24. Ra5 Nd7 25. Nxc5 Bxf3 26. gxf3 d3 27. cxd3 Nxc5 28. d4 Bxd4 29. Qc4 Rhe8 30. Rc1 Re7 0-1

[Event "FIN-chT 0607"]
[Site "Finland"]
[Date "2006.11.18"]
[Round "4.5"]
[White "Ristoja, Thomas W"]
[Black "Paakkonen, Timo"]
[Result "1/2-1/2"]
[WhiteElo "2200"]
[BlackElo "2251"]
[PlyCount "93"]
[EventDate "2006.09.14"]
[EventType "team-tourn"]
[EventRounds "9"]
[EventCountry "FIN"]
[SourceTitle "EXT 2022"]
[Source "ChessBase"]
[SourceDate "2021.10.06"]
[SourceVersion "1"]
[SourceVersionDate "2021.10.06"]
[SourceQuality "1"]
[WhiteTeam "Helsinki Garde"]
[BlackTeam "Helsinki Velhot"]
[WhiteTeamCountry "FIN"]
[BlackTeamCountry "FIN"]

1. d4 Nf6 2. Nf3 g6 3. g3 Bg7 4. Bg2 0-0 5. 0-0 d6 6. c4 Nc6 7. Nc3 a6 8. h3 Rb8 9. Be3 b5 10. Nd2 Bb7 11. d5 Na5 12. cxb5 axb5 13. b4 Nc4 14. Nxc4 bxc4 15. Rc1 e6 16. a3 Qd7 17. Kh2 c6 18. dxc6 Bxc6 19. Bxc6 Qxc6 20. b5 Qc7 21. a4 Rfd8 22. f4 Qa5 23. Bd2 Qa8 24. Na2 Ne4 25. Rxc4 d5 26. Rb4 Nxd2 27. Qxd2 Bf8 28. Rb3 Qxa4 29. Rfb1 Rdc8 30. Nc3 Qc4 31. Nd1 Bg7 32. Ne3 Qc5 33. Qd3 h5 34. Kg2 Bf6 35. Nf1 Rb7 36. Nd2 Kg7 37. Nf3 Qc4 38. Qe3 Rc5 39. b6 Rc6 40. Ne5 Bxe5 41. Qxe5+ f6 42. Qe3 d4 43. Qe4 Qc5 44. Rb5 Qd6 45. R1b4 Rbxb6 46. Rxb6 Rxb6 47. Rxd4 1/2-1/2

[Event "EU-Cup 20th"]
[Site "Izmir"]
[Date "2004.10.06"]
[Round "4.5"]
[White "Ristoja, Thomas W"]
[Black "Sigfusson, Sigurdur Dadi"]
[Result "0-1"]
[WhiteElo "2230"]
[BlackElo "2288"]
[PlyCount "82"]
[EventDate "2004.10.03"]
[EventType "team-swiss"]
[EventRounds "7"]
[EventCountry "TUR"]
[SourceTitle "CBM 104"]
[Source "ChessBase"]
[SourceDate "2005.01.27"]
[SourceVersion "1"]
[SourceVersionDate "2005.01.27"]
[SourceQuality "1"]
[WhiteTeam "Helsinki"]
[BlackTeam "Reykjavik Hellir"]
[WhiteTeamCountry "FIN"]
[BlackTeamCountry "ISL"]

1. e4 e5 2. Nf3 Nc6 3. Bb5 a6 4. Ba4 Nf6 5. 0-0 Be7 6. Re1 b5 7. Bb3 0-0 8. a4 b4 9. d3 d6 10. Nbd2 Na5 11. Ba2 Be6 12. d4 Bxa2 13. Rxa2 Nd7 14. c3 Rb8 15. Nf1 b3 16. Ra1 exd4 17. Nxd4 Bf6 18. Ne3 Nc5 19. f3 Ne6 20. Ndf5 g6 21. Nh6+ Kh8 22. Neg4 Bg7 23. Qd5 c6 24. Qd1 Nc4 25. Qe2 Qb6+ 26. Kh1 Qc5 27. g3 Rbe8 28. Kg2 f5 29. Nf2 d5 30. Nd3 Qa7 31. Qf2 Qxf2+ 32. Nxf2 fxe4 33. fxe4 Nxb2 34. Bxb2 Bxh6 35. exd5 cxd5 36. c4+ d4 37. Nd3 Bd2 38. Re2 Bc3 39. Rc1 Nc5 40. Rxe8 Rxe8 41. Rxc3 Re2+ 0-1

[Event "EU-Cup 20th"]
[Site "Izmir"]
[Date "2004.10.05"]
[Round "3.5"]
[White "Ristoja, Thomas W"]
[Black "Adams, Mark"]
[Result "1-0"]
[WhiteElo "2230"]
[BlackElo "2006"]
[PlyCount "57"]
[EventDate "2004.10.03"]
[EventType "team-swiss"]
[EventRounds "7"]
[EventCountry "TUR"]
[SourceTitle "CBM 104"]
[Source "ChessBase"]
[SourceDate "2005.01.27"]
[SourceVersion "1"]
[SourceVersionDate "2005.01.27"]
[SourceQuality "1"]
[WhiteTeam "Helsinki"]
[BlackTeam "Cardiff"]
[WhiteTeamCountry "FIN"]
[BlackTeamCountry "WLS"]

1. e4 c5 2. Nc3 Nc6 3. f4 g6 4. Nf3 Bg7 5. Bb5 Nd4 6. Bd3 d6 7. Nxd4 cxd4 8. Ne2 e6 9. 0-0 Ne7 10. c3 Nc6 11. Kh1 0-0 12. b3 Qc7 13. Bb2 dxc3 14. Bxc3 Bd7 15. Rc1 Qb6 16. Qe1 Ne7 17. Qh4 Rae8 18. Rf3 Bxc3 19. Rh3 h5 20. dxc3 Kg7 21. Rf1 Qd8 22. Qf2 Qb6 23. Qg3 Rh8 24. Qe1 d5 25. c4 Reg8 26. Rhf3 dxe4 27. Bxe4 Re8 28. Qa1+ Kh7 29. Qf6 1-0

[Event "EU-Cup 20th"]
[Site "Izmir"]
[Date "2004.10.04"]
[Round "2.5"]
[White "Kinsiz, Onur"]
[Black "Ristoja, Thomas W"]
[Result "0-1"]
[WhiteElo "2165"]
[BlackElo "2230"]
[PlyCount "102"]
[EventDate "2004.10.03"]
[EventType "team-swiss"]
[EventRounds "7"]
[EventCountry "TUR"]
[SourceTitle "CBM 104"]
[Source "ChessBase"]
[SourceDate "2005.01.27"]
[SourceVersion "1"]
[SourceVersionDate "2005.01.27"]
[SourceQuality "1"]
[WhiteTeam "Istanbul Teknik Uni"]
[BlackTeam "Helsinki"]
[WhiteTeamCountry "TUR"]
[BlackTeamCountry "FIN"]

1. e4 c5 2. Nf3 Nc6 3. d4 cxd4 4. Nxd4 g6 5. c4 Bg7 6. Be3 Nf6 7. Nc3 0-0 8. Be2 d6 9. Nc2 a5 10. 0-0 Nd7 11. Qd2 a4 12. Rab1 Qa5 13. Rfd1 Nc5 14. f3 f5 15. Nd4 fxe4 16. fxe4 Ne6 17. Ndb5 Be5 18. Rf1 Rxf1+ 19. Rxf1 Ng7 20. Bd1 Be6 21. Qf2 Bf6 22. Bb6 Qb4 23. a3 Qxc4 24. b3 axb3 25. Be2 Qxc3 26. Nxc3 Bxc3 27. Bg4 Bc4 28. Be2 Be6 29. Bd3 Nh5 30. Kh1 Nf6 31. Qe2 Ne5 32. Rc1 Rc8 33. Bb1 Rc6 34. Be3 b2 35. Rg1 Neg4 36. h3 Nxe3 37. Qxe3 Be5 38. Rd1 Rc3 39. Qd2 Nh5 40. Kg1 Nf4 41. Qxb2 Rg3 42. Qd2 Bxh3 43. Rf1 Rxg2+ 44. Qxg2 Bxg2 45. Re1 g5 46. Bc2 g4 47. Kf2 g3+ 48. Ke3 h5 49. Bd1 h4 50. Bf3 h3 51. Rb1 h2 0-1

[Event "FIN-chT 0304"]
[Site "Finland"]
[Date "2004.03.13"]
[Round "8.8"]
[White "Ristoja, Thomas W"]
[Black "Tolonen, Mikko"]
[Result "1/2-1/2"]
[WhiteElo "2219"]
[BlackElo "2254"]
[PlyCount "27"]
[EventDate "2003.09.06"]
[EventType "team-tourn"]
[EventRounds "9"]
[EventCountry "FIN"]
[SourceTitle "EXT 2022"]
[Source "ChessBase"]
[SourceDate "2021.10.06"]
[SourceVersion "1"]
[SourceVersionDate "2021.10.06"]
[SourceQuality "1"]
[WhiteTeam "Helsinki Gaia"]
[BlackTeam "Espoo MatSK"]
[WhiteTeamCountry "FIN"]
[BlackTeamCountry "FIN"]

1. e4 e6 2. d4 d5 3. Nd2 Nc6 4. Ngf3 Nf6 5. e5 Nd7 6. Nb3 a5 7. a4 Be7 8. Bb5 Na7 9. Bd3 b6 10. Bd2 c5 11. dxc5 Nxc5 12. Nxc5 bxc5 13. b3 Nc6 14. 0-0 1/2-1/2

[Event "Helsinki Westerinen 60 it"]
[Site "Helsinki"]
[Date "2004.??.??"]
[Round "3"]
[White "Ristoja, Thomas W"]
[Black "Kiik, Kalle"]
[Result "0-1"]
[WhiteElo "2219"]
[BlackElo "2433"]
[PlyCount "84"]
[EventDate "2004.??.??"]
[EventType "tourn"]
[EventRounds "7"]
[EventCountry "FIN"]
[SourceTitle "EXT 2022"]
[Source "ChessBase"]
[SourceDate "2021.10.06"]
[SourceVersion "1"]
[SourceVersionDate "2021.10.06"]
[SourceQuality "1"]

1. e4 c5 2. Nf3 e6 3. d4 cxd4 4. Nxd4 a6 5. Nc3 b5 6. a3 Bb7 7. g3 Nc6 8. Bg2 Nxd4 9. Qxd4 Ne7 10. 0-0 Nc6 11. Qd2 Be7 12. b3 0-0 13. Bb2 Bf6 14. Nd1 Bxb2 15. Nxb2 Qf6 16. Nd3 d6 17. c3 Rac8 18. Rac1 Na5 19. Qb2 Rc7 20. Nf4 Rfc8 21. Ne2 e5 22. Rfd1 Qg6 23. Qc2 h5 24. h4 Rd8 25. Rd3 Rcd7 26. f3 d5 27. Bh3 Qb6+ 28. Kf1 Rd6 29. Rcd1 dxe4 30. Rxd6 Rxd6 31. Rxd6 Qxd6 32. fxe4 g6 33. Kf2 Kg7 34. Nc1 Qxa3 35. b4 Nc4 36. Bg2 a5 37. bxa5 Qxa5 38. Qd3 Qa7+ 39. Ke2 Qg1 40. Bf1 Bc8 41. Nb3 Bg4+ 42. Ke1 Bh3 0-1

[Event "Helsinki Westerinen 60 it"]
[Site "Helsinki"]
[Date "2004.??.??"]
[Round "6"]
[White "Ristoja, Thomas W"]
[Black "Norri, Joose"]
[Result "0-1"]
[WhiteElo "2219"]
[BlackElo "2404"]
[PlyCount "80"]
[EventDate "2004.??.??"]
[EventType "tourn"]
[EventRounds "7"]
[EventCountry "FIN"]
[SourceTitle "EXT 2022"]
[Source "ChessBase"]
[SourceDate "2021.10.06"]
[SourceVersion "1"]
[SourceVersionDate "2021.10.06"]
[SourceQuality "1"]

1. e4 e5 2. Nf3 Nc6 3. Bb5 a6 4. Ba4 Nf6 5. d3 Bc5 6. c3 b5 7. Bb3 d6 8. h3 0-0 9. 0-0 h6 10. d4 Bb6 11. Re1 Bb7 12. a4 Re8 13. d5 Na5 14. Bc2 c6 15. dxc6 Bxc6 16. Nbd2 Qc7 17. b4 Nb7 18. axb5 axb5 19. Rxa8 Rxa8 20. Bb2 Nd8 21. Bb3 Qa7 22. Re2 Nh5 23. Nf1 Nf4 24. Rd2 Bxe4 25. Rxd6 Bxf2+ 26. Kh2 Nde6 27. N1d2 Bf5 28. Bc2 Bxc2 29. Qxc2 Ne2 30. Ne4 N6f4 31. c4 Bg3+ 32. Kh1 f5 33. Nc5 e4 34. Ng1 Nd3 35. Rxd3 exd3 36. Qxd3 Nxg1 37. Qxg3 Ne2 38. Qf3 Re8 39. Qc6 Qe7 40. Qd5+ Kh8 0-1

[Event "Helsinki Westerinen 60 it"]
[Site "Helsinki"]
[Date "2004.??.??"]
[Round "4"]
[White "Yrjola, Jouni"]
[Black "Ristoja, Thomas W"]
[Result "1-0"]
[WhiteElo "2418"]
[BlackElo "2219"]
[PlyCount "105"]
[EventDate "2004.??.??"]
[EventType "tourn"]
[EventRounds "7"]
[EventCountry "FIN"]
[SourceTitle "EXT 2022"]
[Source "ChessBase"]
[SourceDate "2021.10.06"]
[SourceVersion "1"]
[SourceVersionDate "2021.10.06"]
[SourceQuality "1"]

1. d4 d5 2. c4 dxc4 3. e4 Nc6 4. Nf3 Nf6 5. Nc3 Bg4 6. d5 Ne5 7. Bf4 Ng6 8. Be3 e5 9. Bxc4 a6 10. Be2 Bd6 11. Nd2 Bxe2 12. Qxe2 Qe7 13. 0-0 0-0 14. a3 Nd7 15. Qg4 h6 16. g3 Nf6 17. Qe2 Qd7 18. Nc4 Rae8 19. Rac1 Ng4 20. Bd2 b5 21. Nxd6 cxd6 22. f3 Nf6 23. Na2 Rc8 24. Nb4 Ne7 25. Kg2 Qb7 26. Nd3 Nd7 27. Bb4 Qb8 28. f4 exf4 29. gxf4 Rxc1 30. Rxc1 Re8 31. Qf3 f5 32. Re1 fxe4 33. Qxe4 Nf8 34. f5 Qb7 35. Nf4 Qd7 36. Bc3 Neg6 37. Ne6 Ne5 38. Bxe5 dxe5 39. Qxe5 Qf7 40. Kh1 Nd7 41. Qd4 Kh7 42. Rg1 Rg8 43. Qd3 Nf6 44. Rc1 Kh8 45. h3 Qh5 46. d6 Nd7 47. Nf4 Qg5 48. Ng6+ Kh7 49. Rg1 Qf6 50. Ne7 Rd8 51. Nd5 Qf7 52. f6+ g6 53. Re1 1-0

[Event "FIN-chT 0304"]
[Site "Finland"]
[Date "2003.09.21"]
[Round "2.6"]
[White "Ristoja, Thomas W"]
[Black "Kujala, Auvo"]
[Result "1/2-1/2"]
[WhiteElo "2219"]
[BlackElo "2280"]
[PlyCount "29"]
[EventDate "2003.09.06"]
[EventType "team-tourn"]
[EventRounds "9"]
[EventCountry "FIN"]
[SourceTitle "EXT 2022"]
[Source "ChessBase"]
[SourceDate "2021.10.06"]
[SourceVersion "1"]
[SourceVersionDate "2021.10.06"]
[SourceQuality "1"]
[WhiteTeam "Helsinki Gaia"]
[BlackTeam "Vantaa EtVaS"]
[WhiteTeamCountry "FIN"]
[BlackTeamCountry "FIN"]

1. e4 e6 2. d4 d5 3. Nd2 dxe4 4. Nxe4 Nd7 5. Nf3 Ngf6 6. Nxf6+ Nxf6 7. Bd3 c5 8. dxc5 Bxc5 9. 0-0 0-0 10. Qe2 Qc7 11. Ne5 b6 12. Bf4 Bb7 13. Bg3 Bd6 14. Rad1 Rad8 15. Rfe1 1/2-1/2

[Event "FIN-chT 0304"]
[Site "Finland"]
[Date "2003.09.20"]
[Round "1.5"]
[White "Ristoja, Thomas W"]
[Black "Nokso Koivisto, Antti"]
[Result "1-0"]
[WhiteElo "2219"]
[BlackElo "2239"]
[PlyCount "81"]
[EventDate "2003.09.06"]
[EventType "team-tourn"]
[EventRounds "9"]
[EventCountry "FIN"]
[SourceTitle "EXT 2022"]
[Source "ChessBase"]
[SourceDate "2021.10.06"]
[SourceVersion "1"]
[SourceVersionDate "2021.10.06"]
[SourceQuality "1"]
[WhiteTeam "Helsinki Gaia"]
[BlackTeam "Turku TS"]
[WhiteTeamCountry "FIN"]
[BlackTeamCountry "FIN"]

1. e4 c5 2. Nf3 Nc6 3. Bb5 d6 4. 0-0 Bd7 5. Re1 Nf6 6. c3 a6 7. Bf1 Bg4 8. h3 Bxf3 9. Qxf3 g6 10. d3 Bg7 11. Nd2 0-0 12. g3 b5 13. Bg2 Rc8 14. Qe2 e5 15. Nf1 d5 16. exd5 Nxd5 17. Ne3 Nf6 18. a4 Qb6 19. axb5 axb5 20. Ng4 Nxg4 21. hxg4 Rfe8 22. Qe4 Ne7 23. Be3 Qc7 24. Ra6 f5 25. gxf5 gxf5 26. Qh4 Qd7 27. Bg5 Ng6 28. Qh5 Rc7 29. Rea1 Qf7 30. Ra8 Rxa8 31. Rxa8+ Nf8 32. Qh4 c4 33. Rd8 Rd7 34. Rxd7 Nxd7 35. dxc4 bxc4 36. Be3 Nf6 37. Bf1 e4 38. Bd4 Kf8 39. Qg5 Ng4 40. Qd8+ Qe8 41. Bxg7+ 1-0

[Event "FIN-chT 0203"]
[Site "Finland"]
[Date "2003.03.16"]
[Round "9.7"]
[White "Vihinen, Teemu"]
[Black "Ristoja, Thomas W"]
[Result "1-0"]
[WhiteElo "2161"]
[BlackElo "2236"]
[PlyCount "39"]
[EventDate "2002.10.21"]
[EventType "team-tourn"]
[EventRounds "9"]
[EventCountry "FIN"]
[SourceTitle "EXT 2004"]
[Source "ChessBase"]
[SourceDate "2003.11.25"]
[SourceVersion "1"]
[SourceVersionDate "2003.11.25"]
[SourceQuality "1"]
[WhiteTeam "Vantaa EtVaS"]
[BlackTeam "Helsinki Gaia"]
[WhiteTeamCountry "FIN"]
[BlackTeamCountry "FIN"]

1. e4 c5 2. c3 Nf6 3. e5 Nd5 4. d4 cxd4 5. Nf3 Nc6 6. Bc4 Nb6 7. Bb3 d5 8. exd6 Qxd6 9. 0-0 Be6 10. Na3 Bxb3 11. Qxb3 e6 12. Nb5 Qd8 13. Nfxd4 Be7 14. Rd1 Nxd4 15. Rxd4 Qc8 16. Nxa7 Rxa7 17. Qxb6 Ra6 18. Qb5+ Rc6 19. Bf4 0-0 20. Rad1 1-0

[Event "FIN-chT 0203"]
[Site "Finland"]
[Date "2003.03.15"]
[Round "8.5"]
[White "Kiltti, Jyrki"]
[Black "Ristoja, Thomas W"]
[Result "1/2-1/2"]
[WhiteElo "2220"]
[BlackElo "2236"]
[PlyCount "21"]
[EventDate "2002.10.21"]
[EventType "team-tourn"]
[EventRounds "9"]
[EventCountry "FIN"]
[SourceTitle "EXT 2004"]
[Source "ChessBase"]
[SourceDate "2003.11.25"]
[SourceVersion "1"]
[SourceVersionDate "2003.11.25"]
[SourceQuality "1"]
[WhiteTeam "Tampere Taraus"]
[BlackTeam "Helsinki Gaia"]
[WhiteTeamCountry "FIN"]
[BlackTeamCountry "FIN"]

1. e4 c5 2. c3 Nf6 3. e5 Nd5 4. d4 cxd4 5. Nf3 Nc6 6. cxd4 d6 7. Bc4 e6 8. 0-0 Be7 9. Qe2 0-0 10. Nc3 Nb6 11. Bb3 1/2-1/2

[Event "FIN-chT 0102"]
[Site "Finland"]
[Date "2002.01.19"]
[Round "6.3"]
[White "Ristoja, Thomas W"]
[Black "Keskinen, Sauli"]
[Result "1-0"]
[WhiteElo "2242"]
[BlackElo "2229"]
[PlyCount "81"]
[EventDate "2001.09.21"]
[EventType "team-tourn"]
[EventRounds "9"]
[EventCountry "FIN"]
[SourceTitle "EXT 2022"]
[Source "ChessBase"]
[SourceDate "2021.10.06"]
[SourceVersion "1"]
[SourceVersionDate "2021.10.06"]
[SourceQuality "1"]
[WhiteTeam "Helsinki Gaia"]
[BlackTeam "Turku TS"]
[WhiteTeamCountry "FIN"]
[BlackTeamCountry "FIN"]

1. e4 d6 2. d4 Nf6 3. Nc3 g6 4. g3 Bg7 5. Bg2 0-0 6. Nge2 e5 7. h3 Nbd7 8. 0-0 Re8 9. f4 c6 10. Kh2 Qb6 11. dxe5 dxe5 12. f5 h5 13. Rb1 Nf8 14. Qe1 N8h7 15. g4 g5 16. gxh5 Kh8 17. Ng3 Qc7 18. Bf3 b6 19. Be2 Bb7 20. Nh1 Rg8 21. Be3 Bf8 22. Nf2 Bb4 23. a3 Bxc3 24. Qxc3 c5 25. Bf3 Rad8 26. Rbe1 Rd4 27. Bc1 Nd5 28. exd5 e4+ 29. Kh1 exf3 30. Be3 Qg3 31. Bxd4+ cxd4 32. Qxd4+ f6 33. Rg1 Qd6 34. c4 Nf8 35. Ng4 Nd7 36. Re6 Qf4 37. Qxf4 gxf4 38. Re7 Nf8 39. Rxb7 Nh7 40. Rxh7+ Kxh7 41. Nxf6+ 1-0

[Event "FIN-chT 0001"]
[Site "Finland"]
[Date "2001.03.10"]
[Round "8.8"]
[White "Fieandt, John"]
[Black "Ristoja, Thomas W"]
[Result "1/2-1/2"]
[WhiteElo "2196"]
[BlackElo "2246"]
[PlyCount "49"]
[EventDate "2000.11.07"]
[EventType "team-tourn"]
[EventRounds "9"]
[EventCountry "FIN"]
[SourceTitle "EXT 2022"]
[Source "ChessBase"]
[SourceDate "2021.10.06"]
[SourceVersion "1"]
[SourceVersionDate "2021.10.06"]
[SourceQuality "1"]
[WhiteTeam "Helsinki HSK"]
[BlackTeam "Helsinki Garde"]
[WhiteTeamCountry "FIN"]
[BlackTeamCountry "FIN"]

1. e4 c5 2. Nf3 Nc6 3. d4 cxd4 4. Nxd4 g6 5. c4 Bg7 6. Be3 Nf6 7. Nc3 0-0 8. Be2 d6 9. 0-0 Bd7 10. Qd2 Nxd4 11. Bxd4 Bc6 12. Bd3 a5 13. Rfe1 a4 14. Rad1 e6 15. Bc2 Qa5 16. e5 dxe5 17. Bxe5 Rfd8 18. Qe2 Nd7 19. Bxg7 Kxg7 20. Be4 Qb6 21. Rd2 Nc5 22. Bxc6 Qxc6 23. Red1 Rxd2 24. Rxd2 Rc8 25. Rd4 1/2-1/2

[Event "FIN-chT1A 9899"]
[Site "Finland"]
[Date "1998.??.??"]
[Round "3.1"]
[White "Ristoja, Thomas W"]
[Black "Hermlin, Aarne"]
[Result "1/2-1/2"]
[WhiteElo "2240"]
[BlackElo "2285"]
[PlyCount "52"]
[EventDate "1998.??.??"]
[EventType "team-tourn"]
[EventRounds "9"]
[EventCountry "FIN"]
[SourceTitle "EXT 2022"]
[Source "ChessBase"]
[SourceDate "2021.10.06"]
[SourceVersion "1"]
[SourceVersionDate "2021.10.06"]
[SourceQuality "1"]
[WhiteTeam "Helsinki Garde II"]
[BlackTeam "Hanko TS"]
[WhiteTeamCountry "FIN"]
[BlackTeamCountry "FIN"]

1. e4 c5 2. Nf3 e6 3. d4 cxd4 4. Nxd4 a6 5. Nc3 b5 6. Bd3 Qb6 7. Nb3 Bb7 8. 0-0 d6 9. a4 bxa4 10. Rxa4 Nc6 11. Be3 Qc7 12. f4 Nf6 13. Qe2 Be7 14. Rfa1 0-0 15. Bxa6 Bxa6 16. Rxa6 Rxa6 17. Rxa6 d5 18. e5 Nd7 19. Qb5 Rc8 20. Qa4 Qb7 21. Ne2 g6 22. h3 Bf8 23. Bf2 h6 24. h4 h5 25. Nec1 Ndb8 26. Rb6 Qd7 1/2-1/2